[Event "NAYCC U16-U18 w"]
[Site "Windsor CAN"]
[Date "2016.08.10"]
[Round "7.17"]
[White "Nguyen, Emily"]
[Black "Ouellet, Maili-Jade"]
[Result "0-1"]
[WhiteElo "2067"]
[BlackElo "1906"]
[PlyCount "50"]
[EventDate "2016.08.07"]
[EventType "swiss"]
[EventRounds "9"]
[EventCountry "CAN"]

1. d4 d5 2. c4 e6 3. Nc3 Nf6 4. Nf3 Be7 5. Bf4 O-O 6. e3 Nbd7 7. c5 c6 8. Bd3
Nh5 9. Bg3 Nxg3 10. hxg3 f5 11. b4 Qc7 12. Bc2 e5 13. Bb3 e4 14. Nd2 Nf6 15.
Qc2 Be6 16. O-O Kh8 17. Rfc1 Ng4 18. b5 Rf6 19. Ba4 Rh6 20. Rab1 Bg5 21. Nd1
Bc8 22. bxc6 bxc6 23. Qc3 Ba6 24. Qb4 Qf7 25. Qb8+ Bd8 0-1

[Event "NAYCC U16-U18 w"]
[Site "Windsor CAN"]
[Date "2016.08.10"]
[Round "7.18"]
[White "Trakru, Priya"]
[Black "Ding, Kimberly"]
[Result "1/2-1/2"]
[WhiteElo "1816"]
[BlackElo "1966"]
[PlyCount "60"]
[EventDate "2016.08.07"]
[EventType "swiss"]
[EventRounds "9"]
[EventCountry "CAN"]

1. e4 e6 2. d4 d5 3. Nd2 Nf6 4. e5 Nfd7 5. Bd3 c5 6. c3 Nc6 7. Ne2 cxd4 8. cxd4
f6 9. exf6 Nxf6 10. O-O Bd6 11. Nf3 Qc7 12. Bd2 O-O 13. Rc1 Bd7 14. Ng3 Qb6 15.
Bc3 Bf4 16. Rc2 Nb4 17. Bxb4 Qxb4 18. Ne5 Bb5 19. Bxb5 Qxb5 20. Re1 Rae8 21.
Nf1 Ne4 22. Nd3 Bd6 23. f3 Nf6 24. Ne5 Nd7 25. Nxd7 Qxd7 26. Ne3 e5 27. dxe5
Rxe5 28. Nxd5 Rxe1+ 29. Qxe1 Bxh2+ 30. Kxh2 Qxd5 1/2-1/2

[Event "NAYCC U16-U18 w"]
[Site "Windsor CAN"]
[Date "2016.08.10"]
[Round "7.19"]
[White "Demchenko, Svitlana"]
[Black "Wang, Constance"]
[Result "1-0"]
[WhiteElo "1828"]
[BlackElo "1886"]
[PlyCount "69"]
[EventDate "2016.08.07"]
[EventType "swiss"]
[EventRounds "9"]
[EventCountry "CAN"]

1. Nf3 Nf6 2. g3 d5 3. Bg2 e6 4. d3 c5 5. O-O Be7 6. Nbd2 O-O 7. e4 Nc6 8. Qe2
b6 9. a3 Bb7 10. Re1 Re8 11. c3 Qc7 12. Nh4 Ba6 13. e5 Nd7 14. f4 Bxh4 15. gxh4
Rad8 16. Kh1 b5 17. h5 h6 18. Nf3 Bb7 19. d4 a6 20. Rg1 Na5 21. Be3 cxd4 22.
cxd4 Nb6 23. Bh3 Kh8 24. Rg3 Rg8 25. Rag1 Qe7 26. Bd2 Nc6 27. Qg2 Qf8 28. Nh4
Bc8 29. f5 exf5 30. Bxf5 Nc4 31. Bxc8 Rxc8 32. Bc3 Rd8 33. Nf5 Rd7 34. Nxh6 Ne3
35. Qe2 1-0

[Event "NAYCC U16-U18 w"]
[Site "Windsor CAN"]
[Date "2016.08.10"]
[Round "7.20"]
[White "Samadashvili, Martha"]
[Black "Matus, Nastassja"]
[Result "1-0"]
[WhiteElo "1791"]
[BlackElo "1806"]
[PlyCount "163"]
[EventDate "2016.08.07"]
[EventType "swiss"]
[EventRounds "9"]
[EventCountry "CAN"]

1. e4 c5 2. Nf3 e6 3. d4 cxd4 4. Nxd4 Nc6 5. Nb5 d6 6. Bf4 e5 7. Be3 Nf6 8. Bg5
a6 9. N5c3 Be7 10. Bxf6 Bxf6 11. Nd5 Be6 12. Nbc3 O-O 13. Bc4 b5 14. Bb3 Nd4
15. Ne2 Nc6 16. O-O Rc8 17. c3 Na5 18. Ng3 Nc4 19. Bxc4 Rxc4 20. Nxf6+ gxf6 21.
Qf3 Kh8 22. Rfd1 Rg8 23. Rd2 Rc6 24. Nf5 Qd7 25. Ne3 Qe7 26. Nd5 Bxd5 27. Rxd5
Rc5 28. Rd3 Qe6 29. Rad1 Rd8 30. Qh5 f5 31. exf5 Qe7 32. Qh6 f6 33. Qd2 Rc6 34.
h3 Qf7 35. Rd5 Qh5 36. Qd3 Qh6 37. Qe4 Rb6 38. Qb4 Qg5 39. Qe4 a5 40. Qe3 Qxe3
41. fxe3 Kg7 42. Kf2 Kf7 43. R1d3 Ke7 44. e4 a4 45. Ke2 Rc8 46. a3 Rg8 47. g4
h6 48. Rd1 Rg7 49. R1d2 Rg8 50. Kf2 Rg7 51. c4 bxc4 52. Ra5 Rc6 53. Rc2 Kd8 54.
Rxa4 Rgc7 55. Ra8+ Rc8 56. Rxc8+ Rxc8 57. Kg3 Ke7 58. Kh4 Kf7 59. Kh5 Kg7 60.
Rc3 Rc5 61. b3 cxb3 62. Rxb3 Rc7 63. h4 Ra7 64. Rd3 Ra6 65. Rb3 Ra7 66. Rb6
Rxa3 67. Rxd6 Ra4 68. Rd7+ Kf8 69. Kxh6 Rxe4 70. Kh5 Rd4 71. Ra7 Rf4 72. g5
fxg5 73. Kxg5 Re4 74. Kf6 Kg8 75. h5 Rh4 76. Ke6 Rxh5 77. Ra8+ Kh7 78. f6 Rh6
79. Ke7 Kg6 80. Rg8+ Kf5 81. f7 Rh7 82. Rg1 1-0

[Event "NAYCC U16-U18 w"]
[Site "Windsor CAN"]
[Date "2016.08.10"]
[Round "7.21"]
[White "Liu, Joanna"]
[Black "Davis, Katherine"]
[Result "1/2-1/2"]
[WhiteElo "1956"]
[BlackElo "1780"]
[PlyCount "55"]
[EventDate "2016.08.07"]
[EventType "swiss"]
[EventRounds "9"]
[EventCountry "CAN"]

1. d4 d5 2. c4 c6 3. cxd5 cxd5 4. Nc3 Nc6 5. Nf3 Nf6 6. Bf4 a6 7. Ne5 Qb6 8.
Nxc6 bxc6 9. Qd2 Bf5 10. e3 Ne4 11. Nxe4 Bxe4 12. a3 e6 13. f3 Bg6 14. Be2 Be7
15. O-O O-O 16. Rac1 Rfc8 17. Rc3 a5 18. Bd3 a4 19. Bxg6 hxg6 20. Rfc1 Ra5 21.
R1c2 Rb5 22. Qc1 c5 23. dxc5 Rcxc5 24. Be5 Rxc3 25. Rxc3 Bc5 26. Rd3 f6 27. Bd4
Bxd4 28. Rxd4 1/2-1/2

[Event "NAYCC U16-U18 w"]
[Site "Windsor CAN"]
[Date "2016.08.10"]
[Round "7.22"]
[White "Liu, Miranda"]
[Black "Luo, Maggie"]
[Result "1/2-1/2"]
[WhiteElo "1902"]
[BlackElo "1672"]
[PlyCount "116"]
[EventDate "2016.08.07"]
[EventType "swiss"]
[EventRounds "9"]
[EventCountry "CAN"]

1. e4 e5 2. Nf3 Nc6 3. Bb5 a6 4. Ba4 b5 5. Bb3 Bc5 6. O-O Nf6 7. d3 h6 8. c3
Bb6 9. Bc2 O-O 10. h3 d6 11. a4 Rb8 12. Na3 b4 13. Nc4 bxc3 14. bxc3 Be6 15.
Nxb6 cxb6 16. Ba3 Re8 17. Qe2 Qc7 18. Rfc1 Na5 19. Rab1 Rec8 20. Bb4 b5 21. Nd2
Qd8 22. Ra1 Nc6 23. Ba3 b4 24. cxb4 Nxb4 25. Nc4 Bxc4 26. dxc4 Nc6 27. Bd1 Nd4
28. Qd3 Qb6 29. Rab1 Qc6 30. Rxb8 Rxb8 31. f3 Nd7 32. Ra1 Nb6 33. Qf1 Rd8 34.
a5 Nd7 35. Rb1 Rb8 36. Rxb8+ Nxb8 37. Qd3 Nd7 38. Kh2 Qc7 39. Qc3 Nb5 40. Qb4
Nxa3 41. Qxa3 Qc5 42. Qc3 Nb8 43. Ba4 Nc6 44. Bxc6 Qxc6 45. Qb4 Qc5 46. Qb6
Qxc4 47. Qxd6 Qb5 48. Qd8+ Kh7 49. Qb6 Qc4 50. Kg3 Qd3 51. h4 h5 52. Qc7 f6 53.
Qf7 Kh6 54. Qd5 Qe2 55. Kh3 Kg6 56. Qd7 Kh6 57. Qf5 Qb5 58. g4 Qf1+ 1/2-1/2

[Event "NAYCC U16-U18 w"]
[Site "Windsor CAN"]
[Date "2016.08.10"]
[Round "7.23"]
[White "Vittal, Sanjana"]
[Black "Kaneshalingam, Mathanhe"]
[Result "1-0"]
[WhiteElo "1643"]
[BlackElo "1631"]
[PlyCount "83"]
[EventDate "2016.08.07"]
[EventType "swiss"]
[EventRounds "9"]
[EventCountry "CAN"]

1. e4 c5 2. Nc3 Nc6 3. Bb5 d6 4. Bxc6+ bxc6 5. d3 g6 6. f4 Bg7 7. Nf3 Nf6 8.
O-O O-O 9. Qe1 Rb8 10. b3 Ba6 11. Bd2 Nd7 12. Qg3 Qc7 13. Rae1 e6 14. Nd1 d5
15. c4 Rbd8 16. Nc3 dxc4 17. dxc4 Nb6 18. e5 f5 19. exf6 Bxf6 20. Qh3 Bc8 21.
Ne4 Qe7 22. Be3 Bd4 23. Qh4 Qg7 24. Nxc5 Bf6 25. Qf2 Bc3 26. Rd1 Rde8 27. Bd4
Bxd4 28. Qxd4 Qc7 29. Ne5 Rd8 30. Qe3 Rde8 31. Rd3 Rf5 32. Ne4 Ref8 33. g4 Rxe5
34. fxe5 Rxf1+ 35. Kxf1 Qxe5 36. Rd8+ Kg7 37. Qf3 Qa1+ 38. Kg2 Qxa2+ 39. Kh3
Qa3 40. Qf6+ Kh6 41. g5+ Kh5 42. Qf3# 1-0

[Event "NAYCC U16-U18 w"]
[Site "Windsor CAN"]
[Date "2016.08.10"]
[Round "7.24"]
[White "Laurrabaquio Ramirez, Itzel At"]
[Black "Tao, Rachel"]
[Result "1/2-1/2"]
[WhiteElo "1470"]
[BlackElo "1628"]
[PlyCount "55"]
[EventDate "2016.08.07"]
[EventType "swiss"]
[EventRounds "9"]
[EventCountry "CAN"]

1. c4 e5 2. Nc3 Nc6 3. g3 f5 4. Bg2 Nf6 5. d3 Bb4 6. Bd2 O-O 7. Nf3 d6 8. O-O
Bd7 9. a3 Bxc3 10. Bxc3 Qe8 11. b4 Rb8 12. Bd2 h6 13. b5 Ne7 14. Be3 b6 15. a4
Nh5 16. Bd2 f4 17. a5 Be6 18. e3 g5 19. exf4 gxf4 20. Nh4 Ng7 21. axb6 axb6 22.
Ra7 Qd7 23. Qe1 Nc8 24. Ra1 Ne7 25. Qe4 Ngf5 26. Nf3 Ng7 27. Nh4 Ngf5 28. Nf3
1/2-1/2

[Event "NAYCC U16-U18 w"]
[Site "Windsor CAN"]
[Date "2016.08.10"]
[Round "7.25"]
[White "Dasari, Samhitha"]
[Black "Bhanji, Zaynah"]
[Result "1/2-1/2"]
[WhiteElo "1714"]
[BlackElo "1489"]
[PlyCount "116"]
[EventDate "2016.08.07"]
[EventType "swiss"]
[EventRounds "9"]
[EventCountry "CAN"]

1. e4 c5 2. Nf3 g6 3. c3 d5 4. exd5 Qxd5 5. d4 cxd4 6. cxd4 Nc6 7. Nc3 Qd8 8.
Bf4 a6 9. Qd2 Bg7 10. d5 Nb8 11. Be2 Nf6 12. O-O O-O 13. Rad1 Nbd7 14. h3 Nb6
15. Bh6 Qd6 16. Bf4 Qd8 17. d6 exd6 18. Bxd6 Re8 19. a4 Bd7 20. a5 Nc8 21. Be5
Re7 22. Bxf6 Bxf6 23. Nd5 Rxe2 24. Qxe2 Bb5 25. Nxf6+ Qxf6 26. Qe5 Qxe5 27.
Nxe5 Bxf1 28. Kxf1 f6 29. Nc4 Na7 30. Rd7 Rb8 31. Nd6 Nc6 32. Rxb7 Rd8 33. Nc4
Rd5 34. Rb6 Nxa5 35. Nxa5 Rxa5 36. Rxf6 Rb5 37. Rxa6 Rxb2 38. g4 Rb3 39. Kg2
Rb5 40. Kg3 Rc5 41. h4 Rb5 42. Ra2 Rc5 43. f3 Rb5 44. Rf2 Rc5 45. g5 Rb5 46.
Kg4 Rf5 47. f4 Kg7 48. Re2 Kf7 49. Rc2 Kg8 50. h5 Kg7 51. h6+ Kg8 52. Rc8+ Rf8
53. Rc5 Rf7 54. Re5 Kf8 55. Rc5 Kg8 56. Kf3 Rf8 57. Kg4 Rf7 58. f5 Rxf5 1/2-1/2

[Event "NAYCC U16-U18 w"]
[Site "Windsor CAN"]
[Date "2016.08.10"]
[Round "7.26"]
[White "Baker, Victoria"]
[Black "Cui, Cynthia"]
[Result "0-1"]
[WhiteElo "1516"]
[BlackElo "1508"]
[PlyCount "92"]
[EventDate "2016.08.07"]
[EventType "swiss"]
[EventRounds "9"]
[EventCountry "CAN"]

1. e4 d5 2. exd5 Qxd5 3. Nc3 Qd6 4. Nf3 Nf6 5. Bc4 Bg4 6. h3 Bh5 7. O-O c6 8.
d4 Nbd7 9. Be3 e6 10. a3 Qc7 11. Re1 Be7 12. Be2 h6 13. Qd2 Bd6 14. b4 O-O 15.
b5 Rac8 16. Qd3 Bg6 17. Qd2 c5 18. d5 exd5 19. Nxd5 Nxd5 20. Qxd5 Bxc2 21. Rac1
Nf6 22. Qc4 Be4 23. Nh4 Qa5 24. Rcd1 Rfd8 25. Bd2 Qc7 26. Bc3 Bd5 27. Qd3 Bh2+
28. Kh1 Bxg2+ 29. Kxg2 Rxd3 30. Bxd3 Nd5 31. Bd2 Bf4 32. Bf5 Rd8 33. Bxf4 Nxf4+
34. Kf1 Rxd1 35. Rxd1 g6 36. Bd7 c4 37. Ng2 Nxg2 38. Kxg2 c3 39. Bg4 c2 40. Rc1
Qc3 41. a4 Qd2 42. Rxc2 Qxc2 43. a5 Qa4 44. b6 axb6 45. axb6 Qc6+ 46. Bf3 Qxb6
0-1

[Event "NAYCC U16-U18 w"]
[Site "Windsor CAN"]
[Date "2016.08.10"]
[Round "7.27"]
[White "Gillan, Rahma"]
[Black "Eirew, Pepi"]
[Result "1-0"]
[WhiteElo "1416"]
[BlackElo "1074"]
[PlyCount "137"]
[EventDate "2016.08.07"]
[EventType "swiss"]
[EventRounds "9"]
[EventCountry "CAN"]

1. e4 e6 2. d4 d5 3. e5 c5 4. c3 Nc6 5. Nf3 Bd7 6. Be3 cxd4 7. Bxd4 Nxd4 8.
Nxd4 Bc5 9. Nb3 Ba4 10. N1d2 Qg5 11. Qe2 Bb6 12. Nf3 Qf5 13. Nbd4 Bxd4 14. Nxd4
Qe4 15. Qxe4 dxe4 16. Bb5+ Bxb5 17. Nxb5 Ke7 18. Nd6 f5 19. exf6+ Nxf6 20. Nc4
b6 21. O-O Rac8 22. Ne3 h5 23. Rfe1 Kf7 24. Rad1 Rcd8 25. Nc4 Rd5 26. Ne3 Rd3
27. h3 Rhd8 28. Kf1 g5 29. Ke2 g4 30. hxg4 hxg4 31. g3 b5 32. Nc2 a5 33. Nd4
Rxd1 34. Rxd1 Rd5 35. Rd2 a4 36. Nc6 Rxd2+ 37. Kxd2 Nd7 38. b3 Kf6 39. bxa4
bxa4 40. Ke3 Nc5 41. Nb4 Kf5 42. Kd4 Nb7 43. c4 Nd8 44. c5 e5+ 45. Kd5 Ne6 46.
Nc2 Nc7+ 47. Kd6 Ne8+ 48. Kd7 Nf6+ 49. Kd8 Nh7 50. c6 Nf8 51. c7 Ne6+ 52. Kd7
Nxc7 53. Kxc7 Ke6 54. Kc6 Kf5 55. Ne3+ Kg5 56. Kb5 a3 57. Kb4 Kh5 58. Kxa3 Kg5
59. Kb4 Kh5 60. a4 Kg6 61. a5 Kf7 62. a6 Ke6 63. a7 Kd7 64. a8=Q Kd6 65. Qd5+
Kc7 66. Kc5 Kb8 67. Qf7 Kc8 68. Kc6 Kb8 69. Qb7# 1-0

[Event "NAYCC U16-U18 w"]
[Site "Windsor CAN"]
[Date "2016.08.11"]
[Round "8.17"]
[White "Ouellet, Maili-Jade"]
[Black "Trakru, Priya"]
[Result "1/2-1/2"]
[WhiteElo "1906"]
[BlackElo "1816"]
[PlyCount "61"]
[EventDate "2016.08.07"]
[EventType "swiss"]
[EventRounds "9"]
[EventCountry "CAN"]

1. d4 d5 2. c4 c6 3. Nf3 Nf6 4. Nc3 e6 5. Bg5 Nbd7 6. e3 Qa5 7. Nd2 Bb4 8. Qc2
dxc4 9. Bxf6 Nxf6 10. Bxc4 e5 11. Nb3 Qc7 12. O-O O-O 13. h3 Bd6 14. dxe5 Bxe5
15. f4 Bxc3 16. Qxc3 Re8 17. Rae1 Bf5 18. g4 Be4 19. Nd4 Qd7 20. Rd1 Qe7 21.
Nf3 Bxf3 22. Rxf3 Rad8 23. Rd4 b5 24. Bf1 Rc8 25. Qe1 c5 26. Rd1 c4 27. Rd4 Qc5
28. Qd1 Ne4 29. Qc2 Nf6 30. Qd1 Ne4 31. Qc2 1/2-1/2

[Event "NAYCC U16-U18 w"]
[Site "Windsor CAN"]
[Date "2016.08.11"]
[Round "8.18"]
[White "Davis, Katherine"]
[Black "Demchenko, Svitlana"]
[Result "1/2-1/2"]
[WhiteElo "1780"]
[BlackElo "1828"]
[PlyCount "54"]
[EventDate "2016.08.07"]
[EventType "swiss"]
[EventRounds "9"]
[EventCountry "CAN"]

1. e4 c5 2. c3 g6 3. d4 cxd4 4. cxd4 d5 5. e5 Nc6 6. Nc3 Bg7 7. Be3 Nh6 8. Qb3
e6 9. Nf3 Nf5 10. Bd3 f6 11. Bxf5 gxf5 12. exf6 Bxf6 13. O-O Rg8 14. Rae1 Kf7
15. Qd1 a6 16. Bf4 Rg4 17. Be5 Qg8 18. g3 Bxe5 19. Nxe5+ Nxe5 20. Rxe5 Bd7 21.
Rfe1 Re8 22. Qd2 h5 23. Qe3 Qg5 24. Qxg5 Rxg5 25. Ne2 Rg6 26. Nf4 Rh6 27. h4
Rhh8 1/2-1/2

[Event "NAYCC U16-U18 w"]
[Site "Windsor CAN"]
[Date "2016.08.11"]
[Round "8.19"]
[White "Ding, Kimberly"]
[Black "Samadashvili, Martha"]
[Result "0-1"]
[WhiteElo "1966"]
[BlackElo "1791"]
[PlyCount "138"]
[EventDate "2016.08.07"]
[EventType "swiss"]
[EventRounds "9"]
[EventCountry "CAN"]

1. e4 c5 2. Nf3 Nc6 3. d4 cxd4 4. Nxd4 Nf6 5. Nc3 e5 6. Ndb5 d6 7. Bg5 a6 8.
Na3 Be6 9. Nc4 Rc8 10. Bxf6 gxf6 11. Ne3 Bh6 12. Ncd5 Bxe3 13. Nxe3 Qb6 14. Bd3
Qxb2 15. O-O Qb6 16. Rb1 Qc7 17. Bc4 Ne7 18. Bd5 Bxd5 19. Nxd5 Nxd5 20. Qxd5
Qc6 21. Rxb7 Qxd5 22. exd5 O-O 23. Rb6 Rxc2 24. Rxa6 Rd8 25. Rd1 f5 26. g3 Kg7
27. a4 e4 28. Rc6 Ra2 29. Rd4 Kf6 30. Rc7 Ra8 31. Rd7 Ke5 32. Rb4 R8xa4 33.
Rxa4 Rxa4 34. Rxf7 Kxd5 35. Rxh7 Kd4 36. Rf7 Ke5 37. h4 Ra8 38. Kf1 d5 39. Re7+
Kd4 40. Rf7 Ke5 41. Re7+ Kd6 42. Rf7 Ke6 43. Rb7 Rf8 44. Ke2 Ke5 45. h5 Rh8 46.
Rg7 Rxh5 47. g4 fxg4 48. Rxg4 Rh3 49. Rg5+ Kd4 50. Rg8 Ra3 51. Rc8 Ra2+ 52. Ke1
Kd3 53. Rc1 Re2+ 54. Kf1 d4 55. Ra1 Rc2 56. Ke1 e3 57. Ra3+ Rc3 58. Ra1 e2 59.
Rb1 Kc2 60. Rb8 Rh3 61. Ra8 d3 62. Rc8+ Kb2 63. Rb8+ Kc3 64. Rc8+ Kb4 65. Rb8+
Kc5 66. Rc8+ Kb6 67. Rb8+ Kc7 68. Re8 Rh1+ 69. Kd2 Rd1+ 0-1

[Event "NAYCC U16-U18 w"]
[Site "Windsor CAN"]
[Date "2016.08.11"]
[Round "8.20"]
[White "Luo, Maggie"]
[Black "Nguyen, Emily"]
[Result "0-1"]
[WhiteElo "1672"]
[BlackElo "2067"]
[PlyCount "126"]
[EventDate "2016.08.07"]
[EventType "swiss"]
[EventRounds "9"]
[EventCountry "CAN"]

1. e4 c5 2. d3 Nc6 3. g3 g6 4. Bg2 Bg7 5. f4 e6 6. Nf3 Nge7 7. O-O O-O 8. c3 d5
9. Qe2 Rb8 10. Be3 b6 11. Bf2 Ba6 12. e5 c4 13. d4 b5 14. a3 Bc8 15. Nbd2 a5
16. g4 b4 17. axb4 axb4 18. Rfb1 Bd7 19. h4 Rb5 20. h5 Qc7 21. Nh4 Ra5 22. g5
Rfa8 23. Qd1 Qa7 24. Rxa5 Qxa5 25. Qc1 Nc8 26. Nf1 Nb6 27. Ne3 Be8 28. Ng4 Nd7
29. hxg6 hxg6 30. Nf6+ Kf8 31. Nf3 Nb6 32. Be1 Qb5 33. Bd2 Na5 34. Qe1 Nb3 35.
Qh4 Nxd2 36. Nxd2 Ke7 37. Qe1 Bc6 38. Ra1 Na4 39. Qc1 Rb8 40. Ng4 bxc3 41. bxc3
Qb2 42. Rb1 Qxc1+ 43. Rxc1 Rb2 44. Nb1 Bf8 45. Ne3 Kd7 46. Nd1 Ra2 47. Ne3 Be7
48. Nc2 Rb2 49. Bf3 Bd8 50. Ne3 Ba5 51. Bd1 Nb6 52. Bc2 Ba4 53. Bxa4+ Nxa4 54.
Nd1 Ra2 55. Ne3 Ra1 56. Nc2 Nxc3 57. Nxa1 Ne2+ 58. Kf2 Nxc1 59. Ke3 Kc6 60. Nc2
Nd3 61. Nba3 Bc3 62. Nb1 Bb2 63. Nd2 Bc1 0-1

[Event "NAYCC U16-U18 w"]
[Site "Windsor CAN"]
[Date "2016.08.11"]
[Round "8.21"]
[White "Wang, Constance"]
[Black "Vittal, Sanjana"]
[Result "0-1"]
[WhiteElo "1886"]
[BlackElo "1643"]
[PlyCount "76"]
[EventDate "2016.08.07"]
[EventType "swiss"]
[EventRounds "9"]
[EventCountry "CAN"]

1. e4 e5 2. Nf3 Nc6 3. Bb5 Bc5 4. O-O Qf6 5. c3 Nge7 6. Re1 h6 7. d4 Bb6 8. Na3
O-O 9. Nc4 d6 10. Nxb6 axb6 11. h3 Ng6 12. Be3 Nce7 13. Qe2 Nf4 14. Bxf4 Qxf4
15. Qe3 Qf6 16. Nh2 Ng6 17. Qf3 Nf4 18. Ng4 Qg5 19. Kh2 exd4 20. cxd4 Bxg4 21.
Qxg4 Qxb5 22. Qxf4 Qxb2 23. e5 dxe5 24. Qxe5 c6 25. Rab1 Qxa2 26. Rxb6 Ra5 27.
Qf4 Rb5 28. Rxb5 cxb5 29. Qf5 Qc4 30. d5 Qc5 31. Rd1 Rd8 32. f3 Qd6+ 33. Kh1 b4
34. Qb1 Qc5 35. Qb3 b5 36. Rb1 Rxd5 37. Qxb4 Rd1+ 38. Kh2 Qg1+ 0-1

[Event "NAYCC U16-U18 w"]
[Site "Windsor CAN"]
[Date "2016.08.11"]
[Round "8.22"]
[White "Matus, Nastassja"]
[Black "Liu, Joanna"]
[Result "1/2-1/2"]
[WhiteElo "1806"]
[BlackElo "1956"]
[PlyCount "108"]
[EventDate "2016.08.07"]
[EventType "swiss"]
[EventRounds "9"]
[EventCountry "CAN"]

1. d4 Nf6 2. c4 e6 3. g3 Bb4+ 4. Bd2 Qe7 5. Nf3 Nc6 6. Nc3 Bxc3 7. Bxc3 Ne4 8.
Rc1 Nxc3 9. Rxc3 O-O 10. Bg2 d6 11. d5 Nb8 12. O-O e5 13. b4 a5 14. Ra3 Bg4 15.
Rxa5 Rxa5 16. bxa5 Bxf3 17. Bxf3 Na6 18. e4 Nc5 19. Bg2 Ra8 20. Qd2 Qe8 21. Rc1
Qa4 22. Rc2 Qxa5 23. f3 Qxd2 24. Rxd2 Ra3 25. Rc2 Kf8 26. h4 Ke7 27. Kh2 b6 28.
Kh3 Na4 29. Kg4 Rc3 30. Rxc3 Nxc3 31. f4 Nxa2 32. Kf5 f6 33. Kg4 Nc3 34. h5 Ne2
35. Kf3 Nd4+ 36. Ke3 g5 37. hxg6 hxg6 38. Bh3 Kf7 39. g4 g5 40. f5 Ke7 41. Kd3
Kd7 42. Kc3 Kc8 43. Bf1 Kb7 44. Kb4 Nc2+ 45. Kb5 Nd4+ 46. Kb4 c5+ 47. Ka4 Ka6
48. Bd3 Nf3 49. Be2 Nd4 50. Bd3 Kb7 51. Ka3 Ka7 52. Ka4 Ka6 53. Bf1 Nf3 54. Be2
Nd4 1/2-1/2

[Event "NAYCC U16-U18 w"]
[Site "Windsor CAN"]
[Date "2016.08.11"]
[Round "8.23"]
[White "Tao, Rachel"]
[Black "Liu, Miranda"]
[Result "0-1"]
[WhiteElo "1628"]
[BlackElo "1902"]
[PlyCount "108"]
[EventDate "2016.08.07"]
[EventType "swiss"]
[EventRounds "9"]
[EventCountry "CAN"]

1. e4 c5 2. Nf3 d6 3. c4 Bg4 4. Be2 Nc6 5. h3 Bxf3 6. Bxf3 g6 7. Nc3 Bg7 8. d3
e6 9. Be3 Nge7 10. O-O O-O 11. Qd2 Nd4 12. Bd1 Nec6 13. Ba4 Rb8 14. Rab1 a6 15.
Bxc6 bxc6 16. Ne2 a5 17. Nxd4 cxd4 18. Bh6 c5 19. Bxg7 Kxg7 20. b3 Rb4 21. a3
Rb7 22. b4 axb4 23. axb4 cxb4 24. Rxb4 Qa5 25. Rfb1 Ra8 26. Qb2 Rxb4 27. Qxb4
Qa3 28. Qb3 h5 29. Kf1 Kf6 30. Ke2 Qa2+ 31. Rb2 Qa5 32. Rc2 Qg5 33. Qb6 Qxg2
34. Qxd4+ Kg5 35. Qxd6 Qxh3 36. Qg3+ Qg4+ 37. Qxg4+ Kxg4 38. Ke3 e5 39. Rc1 h4
40. Rg1+ Kh5 41. f4 f6 42. c5 g5 43. fxg5 fxg5 44. Rf1 h3 45. Rf7 Kg4 46. Rh7
Kg3 47. Rh5 g4 48. Rxe5 Rh8 49. Rf5 h2 50. Rf1 Kg2 51. Rf2+ Kg1 52. Rxh2 Kxh2
53. d4 g3 54. d5 g2 0-1

[Event "NAYCC U16-U18 w"]
[Site "Windsor CAN"]
[Date "2016.08.11"]
[Round "8.24"]
[White "Cui, Cynthia"]
[Black "Laurrabaquio Ramirez, Itzel At"]
[Result "1/2-1/2"]
[WhiteElo "1508"]
[BlackElo "1470"]
[PlyCount "67"]
[EventDate "2016.08.07"]
[EventType "swiss"]
[EventRounds "9"]
[EventCountry "CAN"]

1. c4 e5 2. Nc3 f5 3. g3 Nf6 4. Bg2 Be7 5. d3 d6 6. Nf3 O-O 7. O-O Nc6 8. a3 a5
9. Rb1 Rb8 10. b4 axb4 11. axb4 Qe8 12. Nb5 Bd8 13. Qa4 Bd7 14. Qb3 Kh8 15. Re1
Qh5 16. e4 h6 17. c5 dxc5 18. bxc5 f4 19. Qd1 fxg3 20. fxg3 Ng4 21. h3 Nf6 22.
Nh4 Qe8 23. d4 g5 24. Nf5 exd4 25. Nbxd4 Nxd4 26. Nxd4 Qe5 27. c6 Bc8 28. cxb7
Rxb7 29. Rxb7 Bxb7 30. Kh2 Be7 31. Nf3 Qb5 32. e5 Nd5 33. Nd4 Qb6 34. Nf3
1/2-1/2

[Event "NAYCC U16-U18 w"]
[Site "Windsor CAN"]
[Date "2016.08.11"]
[Round "8.25"]
[White "Gillan, Rahma"]
[Black "Dasari, Samhitha"]
[Result "1-0"]
[WhiteElo "1416"]
[BlackElo "1714"]
[PlyCount "59"]
[EventDate "2016.08.07"]
[EventType "swiss"]
[EventRounds "9"]
[EventCountry "CAN"]

1. e4 e5 2. Nf3 Nc6 3. Bc4 Bc5 4. c3 Nf6 5. d3 d6 6. h3 a6 7. Bb3 O-O 8. O-O
Be6 9. Re1 Re8 10. Nbd2 h6 11. Nf1 d5 12. exd5 Bxd5 13. Bc2 Qd7 14. Be3 Bxe3
15. Nxe3 Be6 16. Qe2 Rad8 17. Rad1 Qe7 18. Bb1 Bc8 19. Nc4 Nd7 20. Qc2 b5 21.
d4 e4 22. Rxe4 Qxe4 23. Qxe4 Rxe4 24. Bxe4 bxc4 25. Bxc6 Nf6 26. Re1 Rd6 27.
Ne5 Nh5 28. Bf3 Nf4 29. Nxc4 Rf6 30. Re8+ 1-0

[Event "NAYCC U16-U18 w"]
[Site "Windsor CAN"]
[Date "2016.08.11"]
[Round "8.26"]
[White "Bhanji, Zaynah"]
[Black "Kaneshalingam, Mathanhe"]
[Result "1/2-1/2"]
[WhiteElo "1489"]
[BlackElo "1631"]
[PlyCount "32"]
[EventDate "2016.08.07"]
[EventType "swiss"]
[EventRounds "9"]
[EventCountry "CAN"]

1. e4 c5 2. Nc3 Nc6 3. f4 d6 4. Nf3 e6 5. Bb5 Nge7 6. O-O g6 7. d3 Bg7 8. a3
O-O 9. Be3 Qa5 10. Bxc6 Nxc6 11. Rb1 Bxc3 12. bxc3 Qxc3 13. Bc1 Qa5 14. Bb2 f6
15. Nh4 Qc7 16. Qg4 e5 1/2-1/2

[Event "NAYCC U16-U18 w"]
[Site "Windsor CAN"]
[Date "2016.08.11"]
[Round "8.27"]
[White "Eirew, Pepi"]
[Black "Baker, Victoria"]
[Result "0-1"]
[WhiteElo "1074"]
[BlackElo "1516"]
[PlyCount "124"]
[EventDate "2016.08.07"]
[EventType "swiss"]
[EventRounds "9"]
[EventCountry "CAN"]

1. d4 d5 2. Nf3 Nf6 3. Bf4 Bf5 4. e3 e6 5. Nbd2 Nbd7 6. Bb5 c6 7. Ba4 b5 8. Bb3
a6 9. c3 c5 10. O-O c4 11. Bc2 b4 12. Ba4 Be7 13. Ne5 O-O 14. Bc6 Ra7 15. Bxd7
Nxd7 16. Nc6 Qe8 17. Nxa7 Qa8 18. Nb5 axb5 19. Nf3 f6 20. Nh4 Bd3 21. Re1 g5
22. Bxg5 fxg5 23. Nf3 Qa5 24. Qc1 bxc3 25. bxc3 Ba3 26. Qd2 b4 27. e4 h6 28.
exd5 bxc3 29. Qe3 Qxd5 30. Qxe6+ Qxe6 31. Rxe6 Kg7 32. d5 c2 33. Ree1 Bb4 34.
Nd4 Rf6 35. Re6 Bc3 36. Re7+ Kg6 37. Nxc2 Bxa1 38. Nxa1 Nc5 39. Rc7 Ne4 40. f3
g4 41. Rc6 gxf3 42. gxf3 Rxc6 43. dxc6 Nd6 44. Kf2 Kf5 45. Kg3 Ke6 46. Kh4 Ke7
47. Kh5 Nf5 48. a4 Kd6 49. c7 Kxc7 50. h4 Kb6 51. f4 Ka5 52. Kg4 Kxa4 53. Kh3
Ka3 54. h5 Ka2 55. Nc2 Bxc2 56. Kg4 Bd3 57. Kf3 c3 58. Kg4 c2 59. Kh3 c1=Q 60.
Kg4 Qc2 61. Kh3 Qd2 62. Kg4 Qg2# 0-1

[Event "NAYCC U16-U18 w"]
[Site "Windsor CAN"]
[Date "2016.08.11"]
[Round "9.17"]
[White "Liu, Miranda"]
[Black "Ouellet, Maili-Jade"]
[Result "1-0"]
[WhiteElo "1902"]
[BlackElo "1906"]
[PlyCount "85"]
[EventDate "2016.08.07"]
[EventType "swiss"]
[EventRounds "9"]
[EventCountry "CAN"]

1. e4 c5 2. Nf3 e6 3. d4 cxd4 4. Nxd4 a6 5. c4 Nf6 6. Nc3 d6 7. Be2 Nbd7 8. O-O
Be7 9. Be3 Qc7 10. Rc1 b6 11. f3 Bb7 12. Qd2 O-O 13. Rfd1 Rac8 14. Kh1 Rfe8 15.
b4 Qb8 16. a3 Bd8 17. Nb3 Bc7 18. Bf4 Ne5 19. Bxe5 dxe5 20. c5 b5 21. a4 Bc6
22. axb5 axb5 23. Ra1 Red8 24. Qa2 Rxd1+ 25. Rxd1 Qb7 26. Na5 Bxa5 27. Qxa5 Ne8
28. Bxb5 Ra8 29. Bxc6 Qxc6 30. Qb5 Qxb5 31. Nxb5 Rb8 32. Nd6 Nxd6 33. Rxd6 Kf8
34. Rb6 Ra8 35. h3 Ke8 36. c6 g6 37. b5 h5 38. c7 Kd7 39. Rc6 Kc8 40. b6 Kb7
41. Rd6 Ra1+ 42. Kh2 Rc1 43. Rd8 1-0

[Event "NAYCC U16-U18 w"]
[Site "Windsor CAN"]
[Date "2016.08.11"]
[Round "9.18"]
[White "Demchenko, Svitlana"]
[Black "Nguyen, Emily"]
[Result "1/2-1/2"]
[WhiteElo "1828"]
[BlackElo "2067"]
[PlyCount "73"]
[EventDate "2016.08.07"]
[EventType "swiss"]
[EventRounds "9"]
[EventCountry "CAN"]

1. d4 d5 2. Nf3 Nf6 3. Bf4 e6 4. e3 Be7 5. c3 O-O 6. Bd3 b6 7. Nbd2 Bb7 8. Ne5
Nbd7 9. O-O c5 10. Qf3 Rc8 11. Qh3 g6 12. Ndf3 Ne4 13. Nxd7 Qxd7 14. Ne5 Qa4
15. b3 Qa5 16. Bxe4 dxe4 17. Nc4 Qa6 18. Nd6 Rcd8 19. Nxb7 Qxb7 20. Rfd1 Bf6
21. Qg3 Qd5 22. c4 Qf5 23. Be5 cxd4 24. exd4 Rd7 25. Bxf6 Qxf6 26. Qe5 Qf5 27.
Qxf5 gxf5 28. Rd2 Rfd8 29. Rad1 f4 30. Kf1 Kg7 31. Ke2 Kg6 32. b4 Rc7 33. Rc2
Rd5 34. c5 e5 35. dxe5 Rxe5 36. c6 Kf6 37. a4 1/2-1/2